Normal view
MARC view
Entry Topical Term
001 - CONTROL NUMBER
- control field: 51741
003 - CONTROL NUMBER IDENTIFIER
- control field: ARRUPE
005 - DATE AND TIME OF LATEST TRANSACTION
- control field: 20220520120512.0
008 - FIXED-LENGTH DATA ELEMENTS
- fixed length control field: 220520|| aca||aabn | a|a d
040 ## - CATALOGING SOURCE
- Original cataloging agency: ARRUPE
- Transcribing agency: ARRUPE
150 ## - HEADING--TOPICAL TERM
- Topical term or geographic name as entry element: Africa
- General subdivision: politics and government
- Chronological subdivision: 1980
670 ## - SOURCE DATA FOUND
- Source citation: Work cat.: (ARRUPE)131487: Mazrui,A. Ali 51740, Africa's international relations;, 1977.